| 000 | 00571nam a2200181 i 4500 | ||
|---|---|---|---|
| 001 | 72602 | ||
| 003 | ES-MaACL | ||
| 005 | 20250621063047.0 | ||
| 007 | t| | ||
| 008 | 040902s1962 sp ||||1| spa d | ||
| 100 | 1 |
_aGlendinning, Nigel, _d1929-2013 _957430 |
|
| 245 | 1 | 0 |
_aVida y obra de Cadalso / _cNigel Glendinning ; [versión castellana de Angela Figuera]. |
| 260 |
_aMadrid : _bGredos, _c[1962] |
||
| 300 |
_a239 p. ; _c23 cm. |
||
| 700 | 0 |
_aFiguera Aymerich, Angela, _d1902-1984 _950755 |
|
| 852 |
_aES-MaACL _jC-21413 _bR.49900 |
||
| 999 |
_c72602 _d72602 |
||